Logo BPK

Biblioteka

Politechniki Koszalińskiej

Working with Words : (Rekord nr 5446)

Szczegóły MARC
000 -ETYKIETA REKORDU
podpole kontrolne o stałej długości 00664nam a2200217 i 4500
001 - NUMER KONTROLNY REKORDU
pole kontrolne bg
020 ## - MIĘDZYNARODOWY ZNORMALIZOWANY NUMER KSIĄŻKI - ISBN
ISBN 0521317096
040 ## - ŹRÓDŁO KATALOGOWANIA
Instytucja, która utworzyła rekord BPK
041 ## - KOD JĘZYKA
Kod języka tekstu pol
080 ## - UNIWERSALNA KLASYFIKACJA DZIESIĘTNA - UKD
UKD 802(075.8)
920 ## - Międzynarodowy znormalizowany numer książki – ISBN
ISBN 0-521-31709-6
008 - POLE O STAŁEJ DŁUGOŚCI - DANE KONTROLNE
podpole kontrolne o stałej długości s pl f |000 0 pol
100 1# - NAZWA OSOBOWA
Nazwa osobowa GAIRNS, Ruth
245 #0 - TYTUŁ/ODPOWIEDZIALNOŚĆ
Tytuł Working with Words :
Ciąg dalszy tytułu a guide to teachning and learning vocabulary /
Pozostałe elementy strefy tytułu i oznaczenia odpowiedzialności Ruth Gairns, Stuart Redman.
260 ## - STREFA ADRESU WYDAWNICZEGO
Miejsce wydania Cambridge :
Nazwa wydawcy/dystrybutora Cambridge University Press,
Data publikacji, dystrybucji/powstania dokumentu 1990.
300 ## - STREFA OPISU FIZYCZNEGO
Objętość VIII,200 s. :
Inne cechy fizyczne rys. ;
Rozmiary 23 cm.
490 1# - STREFA SERII I DOKUMENTU WIELOCZĘŚCIOWEGO - FORMA NIE DO WYSZUKIWANIA
Tytuł i oznaczenie odpowiedzialności serii Cambridge Handbooks for Language Teachers
700 1# - HASŁO DODATKOWE - NAZWA OSOBOWA
Nazwa osobowa REDMAN, Stuart
830 ## - HASŁO DODATKOWE SERII LUB DOKUMENTU WIELOCZĘŚCIOWEGO - TYTUŁ UJEDNOLICONY
Tytuł ujednolicony Cambridge Handbooks for Language Teachers
856 ## - LOKALIZACJA I DOSTĘP DO ELEKTRONICZNYCH DOKUMENTÓW ZDALNYCH
Link (URL) http://koha.tu.koszalin.pl/cgi-bin/koha/opac-detail.pl?biblionumber=5446
Tekst linku Katalog online BPK
942 ## - DODATKOWE ELEMENTY (KOHA)
Typ dokumentu Książka
Egzemplarze
Wycofany Status egzemplarza Uszkodzony Dostępność Lokalizacja stała Lokalizacja bieżąca Miejsce przechowywania Sygnatura Kod kreskowy Typ dokumentu
      Tylko na miejscu Biblioteka Politechniki Koszalińskiej Biblioteka Politechniki Koszalińskiej Czytelnia Wydziałowa ul. Kwiatkowskiego 6e P 44522 01422580 Książka
© 2023 Biblioteka Politechniki Koszalińskiej :: KOHA